The 13 ghosts of Scooby-Doo [DVD/videorecording] : ... Read More
Available copies
- 0 of 1 copy available at LARL/NWRL Consortium.
- 0 of 1 copy available at Northwest Regional Library. (Show preferred library)
Current holds
0 current holds with 1 total copy.
Show Only Available Copies
| Location | Call Number / Copy Notes | Barcode | Shelving Location | Status | Due Date |
|---|---|---|---|---|---|
| Hallock Public Library | DVD j THI (Text) | 35500004780555 | Main | Checked out | 05/13/2026 |
Record details
- ISBN: 9781419897535
- ISBN: 1419897535
- Physical Description: 2 videodiscs (307 min.) : sd., col. ; 4 3/4 in.
- Publisher: Burbank, CA : Warner Bros. Entertainment : 2010
Content descriptions
| General Note: | Originally aired on television in 1985 and 1986 as individual episodes. Special features: Bonus episode: Don't feed the animals (from the Shaggy & Scooby-Doo get a clue). |
| Formatted Contents Note: | disc 1. To all the ghouls I've loved before ; ... Read More |
| Creation/Production Credits Note: | Music, Hoyt Curtin ; editing, Robert Ciaglia, Gil ... Read More |
| Participant or Performer Note: | Voices: Casey Kasem, Heather North, Don Messick, ... Read More |
| Summary, etc.: | Daphne, Shaggy and Scooby-Doo are on the case for ... Read More |
| Target Audience Note: | Not rated. |
| System Details Note: | DVD, standard version, region 1, Dolby digital ... Read More |
| Language Note: | English, French and Spanish language tracks; ... Read More |
Search for related items by subject
Search for related items by series
| LDR | 04062cgm a2200853Ia 4500 | ||
|---|---|---|---|
| 001 | 123448 | ||
| 003 | LARL_NWRL_CONSORTIUM | ||
| 005 | 20110913145856.0 | ||
| 007 | vd cvaizm | ||
| 008 | 100401s2010 cau307 j vaeng d | ||
| 020 | . | ‡a9781419897535 | |
| 020 | . | ‡a1419897535 | |
| 024 | 1 | . | ‡a883929126156 |
| 028 | 4 | 2. | ‡a3000030141 ‡bWarner Home Video |
| 028 | 4 | 2. | ‡aWAR1000149562D ‡bWarner Home Video |
| 035 | . | ‡a(OCoLC)611247730 | |
| 040 | . | ‡aAXJ ‡cAXJ ‡dMLN ‡dBIB ‡dZPX ‡dJBL ‡dIF9 ‡dGK5 ‡dTEF ‡dEHH ‡dVP@ ‡dOCLCA ‡dSINLB ‡dEMU | |
| 041 | 1 | . | ‡aeng ‡afre ‡aspa ‡jeng ‡jspa |
| 046 | . | ‡k1985 ‡l1986 | |
| 050 | 4. | ‡aPN1992.77 ‡b.T45 2010 | |
| 082 | 0 | 4. | ‡a791.45/75 ‡222 |
| 082 | 1 | 4. | ‡a791.45 ‡214 |
| 245 | 1 | 4. | ‡aThe 13 ghosts of Scooby-Doo ‡h[DVD/videorecording] : ‡bthe complete series / ‡cproducer, Mitch Schauer ; a Hanna-Barbera production. |
| 246 | 3 | . | ‡aThirteen ghosts of Scooby-Doo |
| 257 | . | ‡aUnited States | |
| 260 | . | ‡aBurbank, CA : ‡bWarner Bros. Entertainment : ‡bDistributed by Warner Home Video, ‡c2010 | |
| 300 | . | ‡a2 videodiscs (307 min.) : ‡bsd., col. ; ‡c4 3/4 in. | |
| 490 | 0 | . | ‡a13 ghost of Scooby-Doo the complete |
| 538 | . | ‡aDVD, standard version, region 1, Dolby digital mono. | |
| 546 | . | ‡aEnglish, French and Spanish language tracks; English & Spanish subtitles available; subtitles for the deaf and hard of hearing. | |
| 511 | 1 | . | ‡aVoices: Casey Kasem, Heather North, Don Messick, Vincent Price, Arte Johnson, Howard Morris, Susan Blu, Frank Welker. |
| 508 | . | ‡aMusic, Hoyt Curtin ; editing, Robert Ciaglia, Gil Iverson. | |
| 500 | . | ‡aOriginally aired on television in 1985 and 1986 as individual episodes. | |
| 521 | 8 | . | ‡aNot rated. |
| 520 | . | ‡aDaphne, Shaggy and Scooby-Doo are on the case for 13 of the world's meanest ghosts. | |
| 505 | 0 | 0. | ‡gdisc 1. ‡tTo all the ghouls I've loved before ; ‡tScoobra kadoobra ; ‡tMe and my shadow demon ; ‡tReflections in a ghoulish eye ; ‡tThat's monstertainment ; ‡tShip of ghouls -- ‡gdisc 2. ‡tA spooky little ghoul like you ; ‡tWhen you witch upon a star ; ‡tIt's a wonderful Scoob ; ‡tScooby in Kwackyland ; ‡tCoast-to-ghost -- ‡tThe ghouliest show on earth -- ‡tHorror-scope Scoob. |
| 500 | . | ‡aSpecial features: Bonus episode: Don't feed the animals (from the Shaggy & Scooby-Doo get a clue). | |
| 650 | 0. | ‡aScooby-Doo (Fictitious character) ‡vDrama. | |
| 650 | 0. | ‡aCriminal investigation ‡zUnited States ‡vDrama. | |
| 650 | 0. | ‡aPrivate investigators ‡zUnited States ‡vDrama. | |
| 650 | 0. | ‡aCriminal behavior ‡zUnited States ‡vDrama. | |
| 650 | 0. | ‡aHuman-animal relationships ‡zUnited States ‡vDrama. | |
| 650 | 0. | ‡aHuman-animal communication ‡zUnited States ‡vDrama. | |
| 650 | 0. | ‡aDetectives ‡zUnited States ‡vDrama. | |
| 650 | 0. | ‡aDogs ‡vDrama. ‡0(LARL_NWRL_CONSORTIUM)171976 | |
| 650 | 0. | ‡aGhosts ‡zUnited States ‡vDrama. | |
| 650 | 0. | ‡aApparitions ‡zUnited States ‡vDrama. | |
| 650 | 0. | ‡aHaunted places ‡zUnited States ‡vDrama. | |
| 650 | 0. | ‡aGhosts ‡vJuvenile films. | |
| 650 | 0. | ‡aScooby-Doo (Fictitious character) ‡vJuvenile films. | |
| 650 | 7. | ‡aFantasmas ‡vPelículas cinematográficas infantiles. ‡2bidex | |
| 655 | 7. | ‡aScooby-Doo television programs. ‡2lcgft ‡0(LARL_NWRL_CONSORTIUM)175618 | |
| 655 | 7. | ‡aChildren's television programs. ‡2lcgft ‡0(LARL_NWRL_CONSORTIUM)175766 | |
| 655 | 7. | ‡aAnimated television programs. ‡2lcgft ‡0(LARL_NWRL_CONSORTIUM)175705 | |
| 655 | 7. | ‡aDetective and mystery television programs. ‡2lcgft ‡0(LARL_NWRL_CONSORTIUM)175785 | |
| 655 | 7. | ‡aTelevision comedies. ‡2lcgft ‡0(LARL_NWRL_CONSORTIUM)175737 | |
| 655 | 7. | ‡aVideo recordings for the hearing impaired. ‡2lcgft ‡0(LARL_NWRL_CONSORTIUM)175744 | |
| 700 | 1 | . | ‡aSchauer, Mitch. |
| 700 | 1 | . | ‡aKasem, Casey. ‡0(LARL_NWRL_CONSORTIUM)62679 |
| 700 | 1 | . | ‡aPrice, Vincent. |
| 700 | 1 | . | ‡aNorth, Heather, ‡d1950- ‡0(LARL_NWRL_CONSORTIUM)218353 |
| 700 | 1 | . | ‡aMessick, Don. ‡0(LARL_NWRL_CONSORTIUM)110122 |
| 700 | 1 | . | ‡aPrice, Vincent, ‡d1911-1993. ‡0(LARL_NWRL_CONSORTIUM)48122 |
| 700 | 1 | . | ‡aJohnson, Arte, ‡d1934- ‡0(LARL_NWRL_CONSORTIUM)54776 |
| 700 | 1 | . | ‡aMorris, Howard, ‡d1919-2005. ‡0(LARL_NWRL_CONSORTIUM)85100 |
| 700 | 1 | . | ‡aBlu, Susan. ‡0(LARL_NWRL_CONSORTIUM)185457 |
| 700 | 1 | . | ‡aWelker, Frank. ‡0(LARL_NWRL_CONSORTIUM)148625 |
| 710 | 2 | . | ‡aWarner Bros. Entertainment. ‡0(LARL_NWRL_CONSORTIUM)191744 |
| 710 | 2 | . | ‡aWarner Home Video (Firm) ‡0(LARL_NWRL_CONSORTIUM)139520 |
| 948 | . | ‡hNO HOLDINGS IN LAL - 604 OTHER HOLDINGS | |
| 994 | . | ‡aZ0 ‡bLAL | |
| 901 | . | ‡a123448 ‡bOCLC ‡c123448 ‡tbiblio | |

Add to basket
Permalink
Disable Highlighting